| 000 | 01025cam a2200313 4500 | ||
|---|---|---|---|
| 008 | 090401t1986 xxu||||| |||| 00| 0 eng d | ||
| 020 | _a0851398863 | ||
| 035 | _a(Sirsi) u26399 | ||
| 041 | _aeng | ||
| 050 | _a692.8 | ||
| 100 | _aChappell, David | ||
| 245 | _aJCT Minor Works Form of Contract: an architect`s guide to the Agreement for Minor Building Works. | ||
| 260 |
_aLondon _bArchitectural Press Ltd. _c1986 |
||
| 300 | _a157p. ; 23cm. | ||
| 350 | _a19.95 | ||
| 490 |
_aArchitectural Press Legal Guides _v5 |
||
| 650 | _aARCHITECTS | ||
| 650 | _aARCHITECTURAL PRACTICE | ||
| 650 | _aCONTRACTORS | ||
| 650 | _aEMPLOYERS | ||
| 650 | _aJCT AGREEMENT FOR MINOR BUILDING WORKS | ||
| 650 | _aBUILT ENVIRONMENT-BUILDING CONTRACT FORMS-STANDARD FORMS OF BUILDING CONTRACT-JOINT CONTRACTS TRIBNUAL CONTRACTS | ||
| 650 | _aJCT MINOR WORKS | ||
| 650 | _aQUANTITY SURVEYORS | ||
| 690 | _aBUILT ENVIRONMENT-BUILDING CONTRACT FORMS | ||
| 700 | _aPowell-Smith, Vincent | ||
| 942 | _n0 | ||
| 948 | _c04/03/1997 | ||
| 999 |
_c88929 _d88929 |
||